| 000 | 01305nam a2200265 i 4500 | ||
|---|---|---|---|
| 003 | DO-SdBNP | ||
| 005 | 20250116073944.0 | ||
| 006 | a||||br|||| 00| 0 | ||
| 007 | ta | ||
| 008 | 230809e1983 dr ad||| |||| 00| 0 spa d | ||
| 040 |
_aDO-SdBNP _bspa _cBNPHU _erda |
||
| 082 | 4 |
_222 _bR426p |
|
| 110 | 1 |
_aRepública Dominicana. _bSecretaría de Estado de Educación, Bellas Artes y Cultos _eautor _923965 |
|
| 245 | 1 | 0 |
_aProgramas de sexto curso: _breforma de la educación primaria. / _cPresentación, Ángel E. Hernández Castillo. |
| 246 | 1 | 4 |
_aEducación primaria: _bsexto grado |
| 264 |
_aSanto Domingo : _bCorripio, _c1983 |
||
| 300 |
_a377 páginas : _bIlustraciones, gráficas ; _c27 cm. |
||
| 336 |
_2rdacontent _atexto _btxt |
||
| 337 |
_2rdamedia _asin mediación _bn |
||
| 338 |
_2rdacarrier _avolumen _bnc |
||
| 505 |
_aPresentación.-- Agradecimiento.-- Resolución no. 2515-83.-- Comisión Elaboradora. Objetivos generales del curso _tPrograma de lenguaje al Servicio de la Comunicación.-- Matemáticas.-- Estudios Sociales.-- Religión.-- Foresta y Reforestación.-- Actividades Manuales y artes expresivas.-- Artes Plásticas.-- Educación Musical.-- Educación Física. |
||
| 590 | _aInventariado 2023 / MF | ||
| 700 | 2 |
_aHernández Castillo, Ángel E. _936624 _epresentador |
|
| 942 |
_2ddc _cLBS1 |
||
| 999 |
_c54366 _d54366 |
||